| 000 | 00817cam a22002533a 4500 | ||
|---|---|---|---|
| 001 | 3040 | ||
| 003 | PGUSA | ||
| 005 | 20140828083025.0 | ||
| 008 | 020101s2002||||xxu|||||s|||||000 | eng d | ||
| 040 |
_aPGUSA _beng |
||
| 042 | _adc | ||
| 050 | 4 | _aE151 | |
| 100 | 1 |
_aOrth, Samuel Peter, _d1873-1922 |
|
| 245 | 1 | 4 |
_aThe Boss and the Machine : _bA Chronicle of the Politicians and Party Organization _h[electronic resource] / _cSamuel Peter Orth |
| 260 |
_bProject Gutenberg, _c2002 |
||
| 500 | _aChronicles of America series; v. 43 | ||
| 506 | _aPublic domain in the USA. | ||
| 516 | _aElectronic text | ||
| 653 | _aPolitical parties -- United States | ||
| 653 | _aUnited States -- Politics and government | ||
| 830 | 0 |
_aProject Gutenberg _v3040 |
|
| 856 | 4 | 0 | _uhttp://www.gutenberg.org/ebooks/3040 |
| 942 | _cEB | ||
| 999 |
_c232369 _d232369 |
||